MDQL
is popping MORE tags! Check the
thread
!
Quizzes
Events
Quiz Creation
Community
Videos
Private Events
Remove Ads
Sign In
Join for FREE
Feedback
Dark Mode
Quiz Categories
Sports
Geography
Music
Movies
Television
Just For Fun
Miscellaneous
History
Literature
Language
Science
Gaming
Entertainment
Religion
Holiday
For Kids
Quiz Lab
Recent
Popular Today
Quiz Kudos Today
Editor Picks
Curator Picks
Quizzes by...
Day
Popularity
Type
Ratings
Length
Year
Community
Subscriptions
Recent Discussions
Orange Saloon
Badges
Playlists
Quests
Create
Leaderboards
Showdown
Live 5
Trivia Bingo
Activity
Puzzle Library
Sporcle Events
Private Events
Virtual Trivia
Globe League
Become a Host
Pub Owners
SporcleCon
Opinionation
Our Games
Videos
Blog
Mobile Apps
Partnerships
Remove Ads and Go Orange
Feedback
History
US Presidents
World Leaders
Politics
Nation
Discovery
War
Decade
Year
Century
Biography
Art
History
US Presidents
World Leaders
Politics
Nation
Discovery
War
Decade
Year
Century
Biography
Art
Random Quiz
Search Sporcle
×
Quiz Lab
Quiz Lab
History
World History
Type in answers that appear in a list
Type in answers that appear in a list
Classic
Best Score? Go Orange.
Most Evil Powerful People in History Stats
Power corrupts, but absolute power corrupts absoutely
By
QueenAnne
4m
24 Questions
135 Plays
135 Plays
135 Plays
Comments
Comments
Give Quiz Kudos
Give Quiz Kudos
-
- Ratings
hide this ad
More Info
Forced Order
Answers have to be entered in order
Answers have to be entered in order
Replay
Link that replays current quiz
Next Quiz
Link to next quiz in quiz playlist
You Got
0%
They Got
Avg Score
59%
Avg Friend Score
Upgrade to see
Score Distribution
Jump to the score distribution portion of the page
Score
0/24
Timer
04:00
0
Plays Today
Title
Answer
% Correct
Chancellor of Germany from 1933 to 1945
Adolf Hitler
97.8%
Dictator of the Soviet Union from 1922 to 1953
Josef Stalin
94.1%
Dictator of communist China from 1943 to 1976
Mao Zedong
88.1%
Prime Minister of Cambodia from 1976 to 1979
Pol Pot
84.4%
Tsar of Russia from 1533 to 1584
Ivan the Terrible
79.3%
Dictator of Uganda from 1971 to 1979
Idi Amin
77.8%
Khan of the Mongolian Empire from 1206 to 1227
Genghis Khan
77%
Rome’s 5th emperor from AD 54 to AD 68
Nero
69.6%
Prince of Wallachia in the years 1448 to 1476
Vlad III Dracula
68.1%
Islamic terrorist leader
Osama Bin Laden
67.4%
Dictator of Iraq from 1979 to 2003
Saddam Hussein
65.9%
Emperor of Japan from 1926 to 1989
Emperor Hirohito
62.2%
Title
Answer
% Correct
King of Belgium from 1865 to 1909 and ruler of the Congo Free State
King Leopold II
60.7%
Rome’s 3rd emperor from AD 37 to AD 41
Caligula
57%
Ruler of the Hunnic Empire from 434 to 453
Atilla the Hun
51.9%
Dictator of North Korea from 1948 to 1972
Kim Il Sung
48.9%
Head of the SS and architect of the Final Solution
Heinrich Himmler
47.4%
Leader of the French Revolution
Maximilien Robespierre
43%
Religious leader of Iran from 1979 to 1989
Ayatollah Ruhollah Khomeini
40.7%
US President 1829-
1837
Andrew Jackson
40%
Grand Inquisitor of Spain from 1483 to 1498
Tomas de Torquemada
33.3%
A countess who lived in the Carpathian Mountains
Elizabeth Bathory
26.7%
Queen of France from 1547 until 1559
Catherine de Medici
23.7%
Grand Vizier of the Sultan in the Ottoman empire from 1917 to 1918. In 1915
Talat Pasha
9.6%
Quiz Playlist
Details
Report
Send in Message
Add To Playlist
More Info:
These people are rulers or leaders or people in power who have committed huge atrocities on their fellow man
Classic:
Type in answers that appear in a list
Forced Order:
Answers have to be entered in order
Last Updated: Jul 4, 2019
Quiz Scoreboard
CHALLENGE
Sign Up to Join the Scoreboard
Show All
Scores
Hide
Comments
May contain spoilers
Recently Published
Street Fighter Characters
by Artimus82
Gaming
60s
9x9 Crossword: Cartoon Network
by jackfrog10
Miscellaneous
3m
College Basketball Coaching Resumes
by pancakes188
Sports
9m
More to Explore
Quiz From the Vault
Featured Blog Post
Where Did the Easter Bunny Come From?
hide this ad
You Might Also Like...
Tags
dictator
Evil
Leader
Ruler
World History
Today's Top Quizzes in History
Browse History
hide this ad
Today's Top Quizzes in World History
Browse World History
Top Contributed Quizzes in History
1
Popular People in 1991
2
Popular People in 1981
3
Popular People in 1951
4
Popular People in 1941
5
Popular People in 1986
6
Popular People in 1976
7
Popular People in 1921
8
5-to-1: 20th Century Images of War
9
I Am Born On March 28th
10
Popular People in 1946
Explore More
Trending Topics
NBA
Kpop
Anime
Disney
Harry Potter
Crossword
Marvel
WWE
Song
Country
NFL
The Office
Pokémon
Soccer
Puzzle
hide this ad
More By:
QueenAnne
Quiz
Plays
Rating
Category
Featured
Created
Rhymes with 'READ' and with 'READ'
225
4.33
Language
Jun 26, 2019
Rhymes with 'WIND' and with 'WIND'
210
4.33
Language
Jun 16, 2019
Rhymes with 'TEAR' and with 'TEAR'
156
3.00
Language
Jun 26, 2019
Rhymes with 'BASS' and with 'BASS'
154
3.00
Language
Jun 26, 2019
Most Evil Powerful People in History
135
1.00
History
Jul 4, 2019
Go to Creator's Profile
Score Distribution
Quiz Creator Spotlight
QueenAnne
Follow
Send a Message
Quizzes Created
-
Created Quiz Play Count
-
More By This Creator
Popular Quizzes Today
1
Find the US States - No Outlines Minefield
2
Find the Countries of Europe - No Outlines Minefield
3
The Countries of the World
4
Find the US States
5
Risky Map Clicking: Biggest States A-Z
6
US States
7
Popular People in 1961
8
Movies - When Are They Set?
More History Quizzes
QP Consorts of English Monarchs - Tudor and Stuart
Quiz Lab
Trending Quizzes
Risky Map Clicking: Least Populous States A-Z
Countries of the World: 200 Million BC
Billboard Blitz: Aretha Franklin
1-10 Letter G Words
Famous Russians: Author or Composer?
Recently Updated
Leaping Animals
pecheneg
Reality TV Shows (A-Z)
bhenderson79
Rickey Henderson's Hall of Fame Teammates
pecheneg
Champions League XIs: Arsenal
pecheneg
Quick Pick: Celebrities in WWE's Hall of Fame
aduchscher
A-Z Keypad Blitz II
pecheneg
Multiple Oscar Actors
pecheneg
Mystery Phrase Blitz: Oscar 'Best Actors'
pecheneg
F. Scott Fitzgerald Novels
LTH
Pick 3 Villains
ddd62291
Trending Topics
Marvel
Crossword
Anime
Harry Potter
Kpop
Disney
NBA
Country
Puzzle
WWE
The Office
Song
Soccer
Pokémon
NFL
Your Account Isn't Verified!
In order to create a playlist on Sporcle, you need to verify the email address you used during registration. Go to your
Sporcle Settings
to finish the process.
Report this User
Report this user for behavior that violates our
Community Guidelines
.
Details:
Send Report
Go to the Sporcle.com Mobile Site →
Comments